| Tag |
First Indicator |
Second Indicator |
Subfields |
| LEADER |
00000cam a2200000 4500 |
| 001 |
in00000066350 |
| 005 |
20151008051900.0 |
| 008 |
720814s1962 ilu b 00000 eng u |
| 010 |
|
|
|a 62013940
|
| 035 |
|
|
|a (OCoLC)00381907
|
| 035 |
|
|
|9 AAH0524AM
|
| 040 |
|
|
|c CSU
|d TXA
|d UtOrBLW
|
| 049 |
|
|
|a TXAM
|c [416232]
|
| 050 |
|
0 |
|a HV9058
|b .I54 1961
|
| 092 |
|
|
|a 364.36063
|b I591, 1961
|
| 111 |
2 |
|
|a Institute on Juvenile Delinquency
|d (1961 :
|c Dallas)
|
| 245 |
1 |
0 |
|a Institute on Juvenile Delinquency ;
|b [papers].
|
| 264 |
|
1 |
|a Springfield, Ill. :
|b Thomas,
|c [1962]
|
| 300 |
|
|
|a ix, 180p. ;
|c 24cm.
|
| 336 |
|
|
|a text
|b txt
|2 rdacontent
|
| 337 |
|
|
|a unmediated
|b n
|2 rdamedia
|
| 338 |
|
|
|a volume
|b nc
|2 rdacarrier
|
| 500 |
|
|
|a "Conducted by the Southwestern Law Enforcement Institute."
|
| 504 |
|
|
|a Bibliographical footnotes.
|
| 650 |
|
0 |
|a Juvenile delinquency
|v Congresses.
|
| 650 |
|
0 |
|a Juvenile delinquency
|z United States
|x Congresses.
|
| 710 |
2 |
|
|a Southwestern Law Enforcement Institute, Dallas.
|
| 999 |
|
|
|a MARS
|
| 999 |
f |
f |
|s 86dceeaf-ca21-3f41-91d7-c912c9b1fdfc
|i 47b61d74-0e22-32ca-898b-b9712f23140e
|t 0
|
| 952 |
f |
f |
|p ric
|a Texas A&M University
|b Rellis Campus
|c Joint Library Facility
|d Remote Storage
|t 0
|e HV9058 .I54 1961
|h Library of Congress classification
|i unmediated -- volume
|m A14800814074
|
| 998 |
f |
f |
|a HV9058 .I54 1961
|t 0
|l Remote Storage
|